Normal view
MARC view
- سيرة نبوية
Entry Topical Term
001 - CONTROL NUMBER
- control field: 7592
003 - CONTROL NUMBER IDENTIFIER
- control field: JO-AjAnu
005 - DATE AND TIME OF LATEST TRANSACTION
- control field: 20230606071528.0
008 - FIXED-LENGTH DATA ELEMENTS
- fixed length control field: 230606|| aca||aabn | a|a d
040 ## - CATALOGING SOURCE
- Original cataloging agency: JO-AjAnu
- Transcribing agency: JO-AjAnu
150 ## - HEADING--TOPICAL TERM
- Topical term or geographic name entry element: سيرة نبوية
670 ## - SOURCE DATA FOUND
- Source citation: Work cat.: (JO-AjAnu)3926: العلواني،نشوة, author 7591, البنات في بيت النبوة:زينب -رقية-أم كلثوم-فاطمة